Disney-Pixar-Dreamwork personnage animés - Statistiques

Statistiques générales
  • Ce quiz a été pris 841 fois
    808 depuis la dernière actualisation
  • Le résultat moyen est 20 sur 66
Statistiques - réponses
Hint Réponse % Correct
Un voiture de course se perd et trouve une petite ville avec des habitants particuliers Flash McQueen
80%
Un rat qui adore cuisiner Rémy
76%
Un petit robot qui veut sauver un plante et tombe amour un robot blanc Wall-e
71%
Elle a été choisi par l'océan pour replacer le coeur de Te Fiti Vaïana/Moana
68%
Elle perd sa chaussure en prenant la fuite Cendrillon
65%
Un poisson bleu avec un trouble de la mémoire à court terme Dory
62%
Il peut voler grâce à ses grandes oreilles Dumbo
62%
Elle rencontre 7 petit homme Blanche-neige
60%
Un garçon au cheveux blancs, relier à la neige Jack Frost
56%
Son nez allonge à chaque fois qu'il ment Pinocchio
54%
Une sirène qui veut aller vivre à la surface Ariel
52%
Elle est tombé dans un trou à cause d'un lapin Alice
51%
Un petit monstre vert rond avec un seul œil Bob Razowski
51%
Il est un cowboy et sous son pied il est écrit Andy Woody
51%
Il est le fils de Zeus mais il est élever parmi les humains Hercule
49%
Elle veut se faire un manteau avec le poil Cruella
48%
Elle a des cheveux roux et elle transforme sa mère et ses frères en ours Merida
48%
Son plus grand rêve est de devenir policière malgré les jugements Judy Hopps
47%
Un garçon qui a perdu son pied et qui chevauche un dragon Harold
46%
Il a vécu toute sa vie avec des gorilles avant de trouver l'amour Tarzan
45%
Il trouve une lampe magique et un tapis volant dans une grotte Aladdin
44%
Elle se perd dans la mémoire de Riley avec tristesse Joie
39%
Il est élevé parmi les loups et une panthère noir est son ami Mowgli
38%
Un lion qui s'enfuit du zoo avec ses meilleurs amis pour rejoindre la vie sauvage Alex
37%
Il veut marier Belle et tuer la Bête Gaston
37%
Un lion voit son père mourir sous ses yeux Simba
37%
Un vieil homme veut amener sa maison aux chutes du paradis en hommage à sa femme Carl Fredricksen
34%
Elle est une chienne qui tombe amoureuse d'un chien de rue Lady
33%
Elle tombe amoureuse du clochard et l'accueil parmi sa famille Lady
33%
Elle a sauvé la Chine des Huns Mulan
33%
Un extraterrestre bleu à la tête énorme Megamind
32%
Elle a été choisi par l'océan pour retourner le coeur de Te Fiti Moana
31%
Une autochtone tombe amoureuse d'un européen Pocahontas
31%
Son meilleur ami est un renne et il tombe amoureux d'une princesse Kristoff
30%
Elle a de très très long cheveux Raiponce
30%
Il est le méchant d'un jeu vidéo mais il rêve d'être gentil Ralph
29%
Il est un jeune garçon qui adore la musique mais elle est interdit dans sa famille Coco
27%
Elle peut étendre son corps grâce à ses pouvoirs Élasti-girl
27%
Il est un petit alien bleu et il devient ami avec une petite fille Stitch
27%
Elle est une princesse le jour et une ogresse la nuit Fiona
26%
Il ne veut pas grandir, il veut rester un enfant Peter Pan
25%
Elle est élevée par 3 bonnes fées jusqu'à ses 18 ans Aurore
22%
Il est transformer en grenouille et doit embrasser une princesse Naveen
19%
Un loup blanc au yeux rouge et son sifflement glace le sang La mort
17%
Il peut prédire l'avenir avec son don qu'il n'a pas choisi Bruno Madrigal
13%
Il est un chien blanc avec un éclair sur le côté Volt
13%
Il est un escargot qui rêve de devenir un pilot de course Turbo
12%
Il est un cheval sauvage qui lutte contre les hommes Spirit
11%
Sa mère est tuée par un chasseur Bambi
10%
Une petite fille qui peut se transformer en panda rouge Mei
10%
Elle transforme l'empereur en lama et essaye de le tuer Yzma
10%
Il se lie d'amitié avec un requin qui se cache de sa famille Oscar
9%
Elle retrouve le dragon d'une ancienne légende et elle sauve le monde Raya
7%
Un garçon avec des lunettes rondes tombe amoureux de la fille du chef Milo Thatch
6%
Elle est une fée des animaux Noah
5%
Un panda qui apprend le Kung-fu Poe
5%
Elle est une troll plein de couleur et adore les calins Poppy
5%
Il est un jeune monstre sous-marin qui vit seul Alberto
3%
Il est un musicien qui se rend dans le monde des esprits Joe
3%
Après être avoir été frappée par une météorite, elle devient très grande Susan
2%
Il devient ami avec une humain et défend les droits des abeilles Barry
1%
Il est un homme des cavernes adolescent qui rencontre une famille particulière Guy
1%
Il crée des micro robots et une équipe d'héros Hiro Hamada
1%
Il découvre qu'il a des pouvoirs magiques et il part à la recherche de son père avec son grand frère Ian Lightfoot
0%
Il est un raton-laveur qui volent de la nourriture pour un ours RJ
0%
Elle essaye de retrouver sa mère après que la Terre a été envahie par des aliens Tip
0%
Aucun quiz correspondant
Distribution des résultats
% des personnes avec chaque résultat
Percentile par nombre de réponses
Votre historique - résultats
Vous n’avez pas pris ce quiz depuis la dernière actualisation